| 000 | 00642nam a2200193 a 4500 | ||
|---|---|---|---|
| 001 | BRCA_6052 | ||
| 005 | 20190320205320.0 | ||
| 008 | 170608s1996----mx-a---###---#000-0#spa-# | ||
| 050 | 4 |
_aN910.M37 _b.A46 1996 |
|
| 100 | 1 |
_aAlmanza Santos, Sandra Janet _915268 |
|
| 245 | 1 | 0 | _aMuseo Universitario Contemporáneo de Arte. |
| 260 |
_aCiudad de México _c1996 |
||
| 300 |
_a77 p. _bil. |
||
| 502 | _aTesis Licenciatura (Licenciada en Arquitectura) Universidad La Salle | ||
| 610 | 2 | 4 |
_aMuseo Universitario Contemporáneo de Arte _xColecciones de arte _915269 |
| 700 | 1 |
_aIrigoyen Reyes, Pedro _easesor _915270 |
|
| 902 | _aTES | ||
| 942 |
_2lcc _cTES |
||
| 999 |
_c5739 _d5739 |
||